000
00292nam a22001337a 4500
008
170810b xxu||||| |||| 00| 0 eng d
020
_a
9780133056228
041
_a
eng
080
_2
10TH
_a
004
100
_a
35
101
_a
SHKI
245
_a
TECHNOLOGY IN ACTION
_c
EVANS
942
_2
udc
_c
BK
999
_c
23118
_d
23118